Statistics for In which country were these cities located in 1905?

Click here to take the quiz!

General Stats

  • This quiz has been taken 113 times
    (73 since last reset)
  • The average score is 14 of 18

Answer Stats

CityCountry% Correct
OsloSweden
97%
ReykjavikDenmark
91%
TallinnRussia
90%
SeoulJapan
88%
LisbonPortugal
88%
AlgiersFrance
87%
MumbaiUnited Kingdom
87%
ManilaUnited States
87%
KrakowAustria-Hungary
85%
StrasbourgGermany
85%
WarsawRussia
84%
TiranaOttoman Empire
81%
TbilisiRussia
79%
DamascusOttoman Empire
76%
LuandaPortugal
71%
MaputoPortugal
63%
YaoundéGermany
62%
St. John’sNewfoundland
41%

Score Distribution

Percentile by Number Answered

Percent of People with Each Score

Your Score History

You have not taken this quiz since the last reset